00329nam a2200121Ia 4500008004100000020002200041041000800063082002400071100001400095245005200109260003700161300000900198230411s9999 xx 000 0 und d a978-93-5152-589-9 aeng aAD/610.6/CLE/B08209 aClement I aTextbook on Ward Management in Nursing Practice bJaypee BrothersaNew Delhic2015 a422p